000 00633nam a2200205 i 4500
001 56675
003 ES-MaACL
005 20260210162434.0
007 t|
008 031010s1907 fr ||||1| fre d
100 1 _aDienert, Fréderic.
_944604
245 1 0 _aHydrologie agricole /
_cpar Frederic Dienert ; introduction par le P. Regnard.
260 _a[S.l :
_bs.n.,
_c1907] (
_eCorbeil :
_fCrété)
300 _aXII, 450 p. ;
_c20 cm.
490 1 _aEncyclopédie agricole
700 1 _aRegnard, Paul (
_d1850-1927)
_9150831
830 0 _aEncyclopédie agricole
_9180885
852 _aES-MaACL
_jD-3719
999 _c56675
_d56675